| 000 | 00583nam a22002057a 4500 | ||
|---|---|---|---|
| 999 |
_c480948 _d480948 |
||
| 003 | NUST | ||
| 005 | 20180829043507.0 | ||
| 008 | 180829b ||||| |||| 00| 0 eng d | ||
| 020 | _a9780517100172 | ||
| 022 | _a9780517100172 | ||
| 038 | _a0 | ||
| 050 | _a613.0438 | ||
| 082 | _a613.0438 | ||
| 100 |
_aInlander,Charles B. _912317 |
||
| 245 |
_a100 Ways to Live to 100. _bThe First complete guide to living along and productive life. _cCharles B.Inlander. |
||
| 260 |
_aNew York. _bWings Books. _c2000. |
||
| 300 | _a201p. | ||
| 500 | _aHard Cover. | ||
| 942 |
_2ddc _cBK _k613.0438 |
||